| 000 | 00309nam a22000977a 4500 | ||
|---|---|---|---|
| 008 | 150327b xxu||||| |||| 00| 0 eng d | ||
| 020 |
_a9781608057689 _cAvailable |
||
| 082 |
_a616.99REH _b002841 |
||
| 245 |
_aFrontiers in CNS Drug Discovery (Vol : 2) _cRehman-Atta-Ur |
||
| 260 |
_aUSA _bBentham Science Publisher _c2014 |
||
| 999 |
_c24761 _d24761 |
||